Catálogo

BASIC ENGLISH GRAMMAR (Registro nro. 37405)

Detalles MARC
000 -LEADER
fixed length control field 00483nam a2200169 a 4500
001 - CONTROL NUMBER
control field 37405
005 - DATE AND TIME OF LATEST TRANSACTION
control field 20180714010333.0
008 - FIXED-LENGTH DATA ELEMENTS--GENERAL INFORMATION
fixed length control field 140415d 000 0 eng d
020 ## - INTERNATIONAL STANDARD BOOK NUMBER
International Standard Book Number 0130604348
041 ## - LANGUAGE CODE
Language code of text/sound track or separate title eng
082 ## - DEWEY DECIMAL CLASSIFICATION NUMBER
Classification number 428.24
Item number AZA
100 1# - MAIN ENTRY--PERSONAL NAME
Personal name AZAR, BETTY SCHRAMFER
245 10 - TITLE STATEMENT
Title BASIC ENGLISH GRAMMAR
260 ## - PUBLICATION, DISTRIBUTION, ETC.
Place of publication, distribution, etc. [s.l.] :
Name of publisher, distributor, etc. PRENTICE-HALL,
Date of publication, distribution, etc. [s.f.]
300 ## - PHYSICAL DESCRIPTION
Extent 284
650 14 - SUBJECT ADDED ENTRY--TOPICAL TERM
Topical term or geographic name entry element INGLES
General subdivision GRAMATICA COMPARADA Y GENERAL
-- INGLES
-- TEXTOS PARA EXTRANJEROS
Existencias
Withdrawn status Lost status Source of classification or shelving scheme Damaged status Not for loan Collection code Home library Current library Shelving location Date acquired Source of acquisition Inventory number Total Checkouts Total Renewals Full call number Barcode Checked out Date last seen Date last checked out Price effective from Koha item type
    Dewey Decimal Classification     General Biblioteca Karol Wojtyla Biblioteca Karol Wojtyla Sala general 03/12/2013 Compra 151000000000000000042144 13 4 428.24 AZA 56255 19/06/2026 05/06/2026 05/06/2026 03/12/2013 Libro